Integration of irradiation With cytoplasmic incompatibility in the management of the pulse beetle callosobruchus spp.(Coleoptera : Bruchidae) / (Record no. 80783)
[ view plain ]
| 000 -LEADER | |
|---|---|
| fixed length control field | 00927nam a22002417a 4500 |
| 001 - CONTROL NUMBER | |
| RUCL Control Number | 80783 |
| 003 - CONTROL NUMBER IDENTIFIER | |
| rucl marc code | BD-RjUL |
| 005 - DATE AND TIME OF LATEST TRANSACTION | |
| control field | 20230620122915.0 |
| 008 - FIXED-LENGTH DATA ELEMENTS--GENERAL INFORMATION | |
| fixed length control field | 221115s2007 bg a|||| m||| 00| 0 eng d |
| 035 ## - SYSTEM CONTROL NUMBER | |
| system control number | (BD-RjUL)80783 |
| 040 ## - CATALOGING SOURCE | |
| Original cataloging agency | BD-RjUL |
| Language of cataloging | eng |
| Transcribing agency | BD-RjUL |
| Modifying agency | BD-RjUL |
| 041 ## - LANGUAGE CODE | |
| Language code of Book | eng |
| 082 ## - DEWEY DECIMAL CLASSIFICATION NUMBER | |
| DDC Edition number | 23 |
| Classification number | 595.76 |
| Author mark and Year | SHI 2007 |
| 100 ## - MAIN ENTRY--PERSONAL NAME | |
| Personal name | Sharmeen, Eliza |
| 9 (RLIN) | 5859 |
| 245 10 - TITLE STATEMENT | |
| Title | Integration of irradiation With cytoplasmic incompatibility in the management of the pulse beetle callosobruchus spp.(Coleoptera : Bruchidae) / |
| Statement of responsibility, etc | By Eliza Sharmeen ; |
| Name of Supervisor/Co-Supervisor | Supervisor : Md. Saiful Islam |
| 260 ## - PUBLICATION, DISTRIBUTION, ETC. (IMPRINT) | |
| Place of publication, distribution, etc | Rajshahi : |
| Name of publisher, distributor, etc | Department of Zoology, University of Rajshahi, |
| Date of publication, distribution, etc | 2007 |
| 300 ## - PHYSICAL DESCRIPTION | |
| Pagination | xvii, 176 leaves : |
| Other physical details | ill, ; |
| Dimensions | 29.cm. |
| 502 ## - DISSERTATION NOTE | |
| Dissertation note | Thesis (Ph. D.) -- Department of Zoology, University of Rajshahi, 2007 |
| 504 ## - BIBLIOGRAPHY, ETC. NOTE | |
| Bibliography, etc | References : Leaves 137 - 161 |
| 650 ## - SUBJECT ADDED ENTRY--TOPICAL TERM | |
| Source of heading or term | Beetles |
| 700 ## - ADDED ENTRY--SUPERVISOR/CO-SUPERVISOR NAME | |
| Personal name | Islam, Md. Saiful, Supervisor |
| 9 (RLIN) | 3062 |
| 942 ## - ADDED ENTRY ELEMENTS (KOHA) | |
| Source of classification or shelving scheme | Dewey Decimal Classification |
| Koha item type | Theses |
| Source of classification or shelving scheme | Damaged status | Not for loan | Collection code | Permanent Location | Current Location | Shelving location | Date of accession | Source of acquisition | Total Checkouts | Full call number | Barcode | Date last seen | Copy number | Thesis |
|---|---|---|---|---|---|---|---|---|---|---|---|---|---|---|
| Dewey Decimal Classification | Not For Loan | Theses | Central Library, University of Rajshahi | Central Library, University of Rajshahi | Documentation Section | 12/08/2009 | Controller of Exam. R.U. | THE 595.76 SHI 2007 | D2980 | 15/11/2022 | C-1 | Theses |